Statistics for Locations with a Connection #1

Click here to take the quiz!

General Stats

  • This quiz has been taken 48 times
  • The average score is 5 of 8

Answer Stats

Hint Answer % Correct
African nation closest to the Iberian peninsula.Morocco
100%
SE Asia microstate with a major economy.Singapore
93%
Host city of 2016 summer olympics.Rio
89%
Fictional place of perfection writen about by Sir Thomas More in 1516.Utopia
84%
City with the most skyscrapers (over 150m).Hong Kong
64%
United with Tanganyika in 1964.Zanzibar
58%
Denpasar is its capital.Bali
38%
What do the above seven answers have in common?Destinations in the Bing Crosby/Bob Hope movie series "Road To _____"
7%

Score Distribution

Percentile by Number Answered

Percent of People with Each Score

Your Score History

You have not taken this quiz